Football (soccer) teams that don't share their city's name - Statistics

General Stats
  • This quiz has been taken 1,578 times
  • The average score is 7 of 12
Answer Stats
Hint Answer % Correct
Juventus Turin/Torino
94%
Everton Liverpool
93%
Lazio Rome
91%
Rangers Glasgow
87%
Olympiacos Athens
85%
Aston Villa Birmingham
81%
Charlton Athletic London
80%
Schalke Gelsenkirchen
38%
Newell's Old Boys Rosario
35%
Port Vale Stoke
30%
SPAL Ferrara
12%
Forest Green Rovers Nailsworth
7%
No matching quizzes found
Score Distribution
Percent of People with Each Score
Percentile by Number Answered
Your Score History
You have not taken this quiz